|
|
|
|
| LEADER |
00000nam a22000007a 4500 |
| 005 |
2018033105235.0 |
| 007 |
cr|||| |||| |
| 008 |
180331s2016 mx |||||s||||f00||0 spa d |
| 020 |
|
|
|a 978-607-9423-87-2
|
| 035 |
|
|
|a 21173
|
| 040 |
|
|
|a vLex
|
| 090 |
|
|
|c 7615
|d 7615
|
| 100 |
1 |
|
|a de Alba, Felipe
|
| 245 |
1 |
2 |
|a El agua en tiempos de incertidumbre
|h [Recurso electrn̤ico] /
|c Felipe de Alba
|
| 256 |
|
|
|a Servicio en ln̕ea
|
| 260 |
|
|
|a Ciudad de Mx̌ico:
|b Cm̀ara de Diputados,
|c 2016
|
| 300 |
|
|
|a 1 recurso electrn̤ico
|
| 506 |
1 |
|
|a Disponible solo en los productos indicados
|d vLex Global
|d vLex Global (Academic Edition, excluding Law Schools)
|d vLex Global (U.S. Academic Edition, Law Schools)
|d vLex Global (U.S. Academic Edition, excluding Law Schools)
|d vLex Global (Academic Edition, Law Schools)
|
| 650 |
0 |
4 |
|a Derecho Pb︢lico y Administrativo
|z Mx̌ico
|
| 650 |
0 |
4 |
|a Derecho del Medio Ambiente
|z Mx̌ico
|
| 740 |
0 |
|
|a vLex Libros (Servicio en ln̕ea)
|
| 856 |
4 |
0 |
|u http://vlex.com/source/agua-tiempos-incertidumbre-21173
|z Acceso restringido
|
| 942 |
|
|
|c BOOK
|
| 999 |
0 |
|
|a Public and Administrative Law
|
| 999 |
0 |
|
|a Environmental Law
|